000 00220nam a2200097Ia 4500
008 190216s9999||||xx |||||||||||||| ||und||
100 _aNull
245 0 _aHindi-Ghar Ki Beti
260 _bHindi Sahithya Sadan
942 _cBK
999 _c17414
_d17414